Pommersches Wörterbuch. - Leipzig : Akad.-Verl. [Rezension]
| Titel: | Pommersches Wörterbuch. - Leipzig : Akad.-Verl. [Rezension] |
|---|---|
| Verfasser: | |
| In: |
Slavia Occidentalis, Band 57 (2000), Seite 270-273 alle Artikel anzeigen |
| Veröffentlicht: | 2000 |
| Format: | Aufsatz |
| Sprache: | Polnisch |
X
alg: 39508538 001A $01999:12-11-16 001B $01999:04-08-21 $t21:04:17.000 001D $01999:12-11-16 001U $0utf8 001X $00 002@ $0Aox 003@ $0395085381 007A $0395085381 $aHEB 007T $0Herdt09694 010@ $apol 011@ $a2000 021A $aPommersches Wörterbuch. - Leipzig : Akad.-Verl. [Rezension] 028A $#Shatkovski, IAnush $#Siatkowski, J. $#Šatkovski, Januš $7103433430 $8Siatkowski, Janusz$Z1929- [Tp1] $9138835055 031A $d57 $h270-273 $j2000 039B $aIn $8--Abvc--. Slavia Occidentalis. - Poznań : Wydawn. PTPN, 1921-. - ISSN 0081-0002 $x200000000570000730 $9047502010 039T $8--Acu--. Pommersches Wörterbuch. - Leipzig : Akad.-Verl. $9059697199 045F $a900.943816 $eDDC23BSB 045F/01 $a900 045F/03 $g43816 045T $a8,1 $a7,41 $a7,39 lok: 39508538 78 exp: 39508538 78 1 #EPN 201B/01 $018-11-16 $t13:42:04.000 201U/01 $0utf8 203@/01 $0791384020 208@/01 $a12-11-16 $be 209A/01 $a/ $f000 $x00 220C/01 $aTitelaufnehmer: uz 244Z/01 $2Trx $#Pomeranija $#Pommern $#Pomoransko $#Pomořansko $#Hinterpommern;Vorpommern;Mittelpommern $#Pomorze Środkowe;Pomorze Przednie $#Pomořansko;Západní Pomořany; Pomořany $8--Trx--Pomorze Zachodnie $x01 $9391303775 244Z/01 $2Trx $#arvustused $#recenzijos $#Reviews $#recenziók $#recenzje $#recenzie $#recenze $8--Trx--Rezensionen $x02 $9391357441 247C/01 $82080>Marburg/Lahn, Herder-Institut, Forschungsbibliothek, Bibliographieportal $9336309341
| LEADER | 00000caa a22000002c 4500 | ||
|---|---|---|---|
| 001 | 395085381 | ||
| 003 | DE-603 | ||
| 005 | 20210804210417.0 | ||
| 007 | tu | ||
| 008 | 161112s2000 xx |||| | u00||u|pol c | ||
| 035 | |a (DE-599)HEB395085381 | ||
| 040 | |a DE-603 |b ger |c DE-603 |d DE-603 | ||
| 041 | |a pol | ||
| 082 | 0 | 4 | |8 1\u |a 900.943816 |q DE-101 |2 23/BSB |
| 084 | |a 8,1 |a 7,41 |a 7,39 |2 ssgn | ||
| 085 | |8 1\u |b 900 | ||
| 085 | |8 1\u |z 2 |s 43816 | ||
| 100 | 1 | |a Siatkowski, Janusz |d 1929- |0 (DE-603)138835055 |0 (DE-588)103433430 |2 gnd | |
| 245 | 0 | 0 | |a Pommersches Wörterbuch. - Leipzig : Akad.-Verl. [Rezension] |
| 264 | 0 | |c 2000 | |
| 773 | 0 | 8 | |i In |t Slavia Occidentalis |d Poznań : Wydawn. PTPN, 1921- |x 0081-0002 |g Band 57 (2000), Seite 270-273 |w (DE-603)047502010 |w (DE-600)339118-8 |
| 787 | 0 | 8 | |i Rezension von |t Pommersches Wörterbuch |d Leipzig : Akad.-Verl. |w (DE-603)059697199 |
| 924 | 0 | |9 2080 |a (DE-603)791384020 |b DE-2080 |c HES |d d |g / | |


